| 000 | 00420nam a2200181Ia 4500 | ||
|---|---|---|---|
| 008 | 230524s9999 xx 000 0 und d | ||
| 020 | _a8127233897 | ||
| 082 |
_a530 _bSIN |
||
| 100 | _aRandhir Singh | ||
| 245 | 0 | _aPhysics-II (B.Tech) | |
| 250 | _aIST | ||
| 260 |
_aLUDHIANA _bKalyani _c2007 |
||
| 300 | _aX;234 | ||
| 500 | _aQuantity Number: 27 | ||
| 650 | _aPhysics | ||
| 700 | _a Shakti Mohanty | ||
| 942 | _cBK | ||
| 999 |
_c37425 _d37425 |
||